[Event "Volmac it"]
[Site "Antwerp BEL"]
[Date "1993.08.06"]
[Round "1"]
[White "Hansen, Curt"]
[Black "Winants, Luc"]
[Result "0-1"]
[WhiteElo "2590"]
[BlackElo "2490"]
[EventDate "1993.08.06"]
[PlyCount "66"]

1.d4 Nf6 2.c4 e6 3.Nc3 Bb4 4.e3 c5 5.Ne2 cxd4 6.exd4 O-O 7.a3 Be7 8.d5 
exd5 9.cxd5 Bc5 10.b4 Bb6 11.Na4 d6 12.Nxb6 axb6 13.Ng3 Qe7+ 14.Be2 Qe5 
15.Be3 Bg4 16.Bd4 Bxe2 17.Nxe2 Qxd5 18.Bxf6 Qxd1+ 19.Rxd1 gxf6 20.O-O Rd8 
21.Rd3 Nc6 22.Rfd1 Ne5 23.Rxd6 Rxd6 24.Rxd6 Nc4 25.Rxf6 Rxa3 26.g4 Rb3 27.
Rf4 Rxb4 28.Ng3 Rb1+ 29.Kg2 Ne5 30.g5 Kf8 31.Rh4 Rg1+ 32.Kh3 Nf3 33.Rb4 
Nxg5+ 0-1

[Event "Volmac it"]
[Site "Antwerp BEL"]
[Date "1993.08.07"]
[Round "2"]
[White "Piket, Jeroen"]
[Black "Van der Wiel, John"]
[Result "1/2-1/2"]
[WhiteElo "2590"]
[BlackElo "2565"]
[EventDate "1993.08.06"]
[PlyCount "48"]

1.d4 Nf6 2.c4 e6 3.Nf3 b6 4.a3 Bb7 5.Nc3 d5 6.Bg5 Be7 7.Qa4+ c6 8.Bxf6 
Bxf6 9.e4 O-O 10.Rd1 Nd7 11.cxd5 exd5 12.Bd3 c5 13.Nxd5 Bxd5 14.exd5 cxd4 
15.Nxd4 Nc5 16.Qc4 Re8+ 17.Be2 Bxd4 18.Rxd4 Qf6 19.d6 Rad8 20.d7 Nxd7 21.
O-O Rxe2 22.Rxd7 Rxb2 23.Rxa7 g6 24.h3 Rbd2 1/2-1/2

[Event "Volmac it"]
[Site "Antwerp BEL"]
[Date "1993.08.07"]
[Round "2"]
[White "Polugaevsky, Lev"]
[Black "Gurevich, Mikhail"]
[Result "1/2-1/2"]
[WhiteElo "2605"]
[BlackElo "2605"]
[EventDate "1993.08.06"]
[PlyCount "71"]

1.d4 d5 2.c4 c6 3.Nf3 Nf6 4.Nc3 e6 5.e3 Nbd7 6.Bd3 dxc4 7.Bxc4 b5 8.Be2 b4
9.Na4 Be7 10.O-O Bb7 11.a3 a5 12.Qc2 O-O 13.Rd1 c5 14.Nxc5 Nxc5 15.dxc5 
Qc7 16.axb4 axb4 17.Rxa8 Rxa8 18.Bd2 Be4 19.Qc4 Qxc5 20.Qxc5 Bxc5 21.Rc1 
Bf8 22.Bc4 Rd8 23.Be1 Rc8 24.b3 Nd7 25.Nd2 Bb7 26.Ra1 Ne5 27.f3 Nxc4 28.
Nxc4 f6 29.Kf1 e5 30.e4 Bc6 31.Ra5 Be8 32.Ke2 Bf7 33.Kd3 Rd8+ 34.Kc2 Rc8 
35.Kd3 Rd8+ 36.Kc2 1/2-1/2

[Event "Volmac it"]
[Site "Antwerp BEL"]
[Date "1993.08.07"]
[Round "2"]
[White "Hansen, Curt"]
[Black "Dutreeuw, Marc"]
[Result "1/2-1/2"]
[WhiteElo "2590"]
[BlackElo "2455"]
[EventDate "1993.08.06"]
[PlyCount "127"]

1.d4 d5 2.c4 e6 3.Nc3 Be7 4.cxd5 exd5 5.Bf4 Nf6 6.e3 Bf5 7.Qb3 Nc6 8.Nf3 
O-O 9.Rc1 Na5 10.Qa4 c6 11.Be2 Qb6 12.O-O Nc4 13.Bxc4 dxc4 14.Ne5 Qb4 15.
Qxb4 Bxb4 16.Rfd1 Bxc3 17.Rxc3 Be6 18.Rcc1 Nd5 19.Bg3 Nb6 20.e4 Rad8 21.
Nf3 f6 22.h3 Rd7 23.Bf4 Na4 24.Rd2 Rfd8 25.Be3 b5 26.Rdc2 Rb8 27.Nd2 Nb6 
28.f3 Bf7 29.g4 h6 30.Kf2 Na4 31.b3 Nb6 32.h4 a5 33.Kg3 a4 34.bxc4 Nxc4 
35.Nxc4 Bxc4 36.Rxc4 bxc4 37.Rxc4 a3 38.Ra4 Rbb7 39.Rxa3 Ra7 40.Rc3 Ra6 
41.h5 Rb7 42.a3 Kf7 43.e5 Rb1 44.exf6 Kxf6 45.Bf4 g5 46.Bd6 Rab6 47.Bb4 
Rg1+ 48.Kf2 Rd1 49.Rc5 Kg7 50.Ke3 Rb8 51.Rxc6 Re8+ 52.Kf2 Rh1 53.Kg2 Rb1 
54.Rc2 Rb3 55.d5 Ree3 56.Rf2 Red3 57.d6 Kf6 58.Re2 Rd1 59.Bc5 Rc3 60.Bb4 
Rb3 61.Rc2 Ke6 62.Re2+ Kf6 63.Bc5 Rc3 64.Bb4 1/2-1/2

[Event "Volmac it"]
[Site "Antwerp BEL"]
[Date "1993.08.08"]
[Round "3"]
[White "Dutreeuw, Marc"]
[Black "Winants, Luc"]
[Result "0-1"]
[WhiteElo "2455"]
[BlackElo "2490"]
[EventDate "1993.08.06"]
[PlyCount "162"]

1.e4 e5 2.Nf3 Nc6 3.Bb5 a6 4.Ba4 d6 5.Bxc6+ bxc6 6.d4 exd4 7.Nxd4 c5 8.Ne2
g6 9.Nbc3 Bg7 10.Bf4 Be6 11.Qd2 Qb8 12.b3 h6 13.Rd1 Ne7 14.Nd5 Bxd5 15.
exd5 Nf5 16.O-O O-O 17.Ng3 Nxg3 18.hxg3 h5 19.Rfe1 Qb6 20.Re4 Rfe8 21.Rde1
Rxe4 22.Rxe4 Bf6 23.Bg5 Bxg5 24.Qxg5 Qa5 25.Qf6 Qxa2 26.Re7 Rf8 27.Rxc7 
Qb1+ 28.Kh2 Qxc2 29.f4 Qxb3 30.Qxd6 Qd1 31.Qd7 Qd4 32.Rc8 Rxc8 33.Qxc8+ 
Kg7 34.Qd8 c4 35.d6 c3 36.d7 c2 37.Qc7 c1=Q 38.Qxc1 Qxd7 39.Qc3+ Kh7 40.
Qa5 Qe6 41.Kh1 Kg7 42.Kh2 Kh7 43.Qa4 Qd6 44.Qc4 Kg7 45.Qc3+ Qf6 46.Qa5 h4 
47.Qa3 Kg8 48.Qa5 Qd6 49.Kh3 hxg3 50.Kxg3 Kf8 51.Kf3 Ke7 52.g4 Kd7 53.Kg3 
Qd3+ 54.Kh4 Qb5 55.Qd2+ Ke8 56.Qe3+ Kf8 57.Qd4 a5 58.Qd8+ Kg7 59.Qd4+ Kh7 
60.Qf6 Qd5 61.Qa1 Qd2 62.Qf1 Qd4 63.f5 Qf6+ 64.Kh3 gxf5 65.gxf5 a4 66.Kg4 
Qd4+ 67.Kh5 a3 68.Qa6 Qd1+ 69.Kg5 Qc1+ 70.Kg4 Qg1+ 71.Kf3 Qh1+ 72.Kg3 Qa1 
73.f6 Qc3+ 74.Kg4 Qd4+ 75.Kf5 Qd5+ 76.Kf4 a2 77.Qa3 Qd4+ 78.Kf5 Qf2+ 79.
Ke5 Qe1+ 80.Kd6 Qe6+ 81.Kc7 Qe5+ 0-1

[Event "Volmac it"]
[Site "Antwerp BEL"]
[Date "1993.08.08"]
[Round "3"]
[White "Christiansen, Larry"]
[Black "Hansen, Curt"]
[Result "1/2-1/2"]
[WhiteElo "2555"]
[BlackElo "2590"]
[EventDate "1993.08.06"]
[PlyCount "77"]

1.d4 Nf6 2.c4 e6 3.Nf3 d5 4.Nc3 Bb4 5.Bg5 h6 6.Bxf6 Qxf6 7.e3 O-O 8.Qb3 c5
9.cxd5 exd5 10.a3 Bxc3+ 11.Qxc3 c4 12.b3 cxb3 13.Qxb3 Rd8 14.Be2 Nc6 15.
O-O b6 16.Rfc1 Qd6 17.Rc3 Be6 18.Rac1 Rac8 19.Qa4 Na5 20.Rxc8 Rxc8 21.
Rxc8+ Bxc8 22.Ne5 Be6 23.h3 g6 24.Bd3 Kf8 25.g4 Qc7 26.Qb4+ Kg7 27.Qb5 Kf8
28.Qb4+ Kg8 29.Qb5 Kf8 30.Qb2 Nc4 31.Bxc4 dxc4 32.Qc3 Bd5 33.Nd3 Qe7 34.
Ne5 Kg7 35.e4 Bxe4 36.Nxc4 Bd5 37.Ne3 Qe4 38.Nxd5 Qxd5 39.Qc7 1/2-1/2

[Event "Volmac it"]
[Site "Antwerp BEL"]
[Date "1993.08.09"]
[Round "4"]
[White "Winants, Luc"]
[Black "Piket, Jeroen"]
[Result "1/2-1/2"]
[WhiteElo "2490"]
[BlackElo "2590"]
[EventDate "1993.08.06"]
[PlyCount "117"]

1.e4 d6 2.d4 g6 3.Nc3 c6 4.Be3 Nf6 5.Be2 Qa5 6.Qd2 b5 7.e5 b4 8.exf6 bxc3 
9.bxc3 exf6 10.Nf3 Nd7 11.O-O Nb6 12.a4 Be7 13.c4 Qxd2 14.Nxd2 Rb8 15.a5 
Nd7 16.Rfe1 Kd8 17.Bf3 c5 18.Nb3 Bb7 19.dxc5 dxc5 20.Bf4 Ne5 21.Rad1+ Ke8 
22.Rxe5 fxe5 23.Bxe5 Bxf3 24.gxf3 Rxb3 25.cxb3 f6 26.Bg3 a6 27.Rd5 Kf7 28.
Rd7 Rd8 29.Rxd8 Bxd8 30.Bd6 Bxa5 31.Bxc5 Bc7 32.h3 Ke6 33.Kf1 g5 34.Ke2 f5
35.Be3 Bd8 36.Kd3 h5 37.b4 Be7 38.Bd2 h4 39.Ke2 Ke5 40.Bc3+ Ke6 41.Bd2 Bd8
42.Kf1 Be7 43.Bc3 Bd6 44.Bd2 Be7 45.b5 axb5 46.cxb5 Kd5 47.Be3 Bf6 48.Ke2 
Be7 49.b6 Kc6 50.Bd4 Bd6 51.Be3 Be7 52.Bd4 Bd6 53.Kf1 Bf4 54.Kg2 Kd5 55.
Bf6 Kc6 56.Bd8 Kd7 57.Bf6 Kc6 58.Bd4 Kd5 59.Bf6 1/2-1/2

[Event "Volmac it"]
[Site "Antwerp BEL"]
[Date "1993.08.09"]
[Round "4"]
[White "Dutreeuw, Marc"]
[Black "Christiansen, Larry"]
[Result "0-1"]
[WhiteElo "2455"]
[BlackElo "2555"]
[EventDate "1993.08.06"]
[PlyCount "68"]

1.e4 c5 2.Nf3 e6 3.d4 cxd4 4.Nxd4 Qb6 5.Nb5 Bc5 6.Qf3 a6 7.N5c3 Nc6 8.Qg3 
Nge7 9.Bd3 O-O 10.O-O Qd8 11.Nd2 Ng6 12.Nb3 Be7 13.a4 d5 14.f4 dxe4 15.
Bxe4 Nb4 16.Qf2 f5 17.Bf3 Qc7 18.Bh5 e5 19.Bxg6 hxg6 20.fxe5 Be6 21.Be3 
Bxb3 22.cxb3 Qxe5 23.Bd4 Qc7 24.Qe2 Rad8 25.Qe6+ Kh7 26.Be5 Qc5+ 27.Kh1 
Nd3 28.Rf3 Bh4 29.Bg3 Bxg3 30.hxg3 Nf2+ 31.Kh2 Ng4+ 32.Kh1 Rd2 33.Ne4 fxe4
34.Rxf8 Qh5+ 0-1

[Event "Volmac it"]
[Site "Antwerp BEL"]
[Date "1993.08.10"]
[Round "5"]
[White "Van der Wiel, John"]
[Black "Hansen, Curt"]
[Result "1/2-1/2"]
[WhiteElo "2565"]
[BlackElo "2590"]
[EventDate "1993.08.06"]
[PlyCount "58"]

1.e4 d5 2.exd5 Qxd5 3.Nc3 Qa5 4.d4 Nf6 5.Nf3 Bf5 6.Bc4 e6 7.Bd2 c6 8.Qe2 
Bb4 9.Ne5 Nbd7 10.Nxd7 Nxd7 11.a3 Bxc3 12.Bxc3 Qc7 13.g4 Bg6 14.O-O-O 
O-O-O 15.f3 h5 16.Be1 hxg4 17.fxg4 Qf4+ 18.Kb1 Qe4 19.Bg3 Nb6 20.Bd3 Qxe2 
21.Bxe2 Nd5 22.Kc1 Be4 23.Rhg1 g5 24.Rde1 Rh6 25.Bd1 Bg6 26.Rgf1 Rh3 27.
Re5 Nb6 28.Rxg5 Rxd4 29.Ra5 a6 1/2-1/2

[Event "Volmac it"]
[Site "Antwerp BEL"]
[Date "1993.08.10"]
[Round "5"]
[White "Piket, Jeroen"]
[Black "Polugaevsky, Lev"]
[Result "1/2-1/2"]
[WhiteElo "2590"]
[BlackElo "2605"]
[EventDate "1993.08.06"]
[PlyCount "82"]

1.d4 Nf6 2.c4 e6 3.Nf3 b6 4.g3 Ba6 5.b3 Bb7 6.Bg2 Bb4+ 7.Bd2 a5 8.O-O O-O 
9.Qc2 h6 10.a3 Be7 11.Nc3 d5 12.Rfd1 Na6 13.Ne5 c6 14.Bf4 Rc8 15.e4 Re8 
16.h4 Nb8 17.Qd3 Bf8 18.Rd2 Qe7 19.b4 axb4 20.axb4 Na6 21.exd5 Nxb4 22.d6 
Qxd6 23.Qb1 Qe7 24.Na4 Ra8 25.Nxb6 Rxa1 26.Qxa1 c5 27.dxc5 Bxg2 28.Kxg2 
Qb7+ 29.f3 Bxc5 30.Nbd7 Be7 31.Qb1 Nxd7 32.Rxd7 Qb6 33.Qe4 Na6 34.Rb7 Qc5 
35.Be3 Qc8 36.Qc6 Qxc6 37.Nxc6 Bf8 38.Ne5 f6 39.Ng6 Rc8 40.Rb6 Nc5 41.Nxf8
Kxf8 1/2-1/2

[Event "Volmac it"]
[Site "Antwerp BEL"]
[Date "1993.08.12"]
[Round "6"]
[White "Dutreeuw, Marc"]
[Black "Van der Wiel, John"]
[Result "1/2-1/2"]
[WhiteElo "2455"]
[BlackElo "2565"]
[EventDate "1993.08.06"]
[PlyCount "111"]

1.e4 c5 2.Nf3 d6 3.d4 cxd4 4.Nxd4 Nf6 5.Nc3 Nc6 6.Bg5 e6 7.Qd2 a6 8.Be2 
Be7 9.O-O-O Nxd4 10.Qxd4 Qa5 11.Bxf6 gxf6 12.Qa4+ Qxa4 13.Nxa4 Bd7 14.Nb6 
Rd8 15.Nxd7 Kxd7 16.g3 Rc8 17.Rd3 Rc5 18.Rb3 Kc7 19.Bd3 d5 20.exd5 Rxd5 
21.Be4 Rb5 22.Rxb5 axb5 23.c3 h5 24.h4 f5 25.Bf3 b4 26.cxb4 Bxb4 27.Rd1 
Bc5 28.Rd2 f4 29.gxf4 Be7 30.Bxb7 Bxh4 31.Bg2 Be7 32.Bh3 Ra8 33.b3 Bd6 34.
Rc2+ Kb6 35.f5 exf5 36.Bxf5 Ra5 37.Bh3 Rd5 38.Re2 Rd3 39.Bf5 Rf3 40.Be4 
Rf4 41.Kd2 h4 42.Bg2 Bb4+ 43.Kd1 Rd4+ 44.Kc2 Rg4 45.Bh3 Rf4 46.Bg2 Bc5 47.
f3 h3 48.Bxh3 Rxf3 49.Bg2 Rf2 50.Rxf2 Bxf2 51.b4 f5 52.Kb3 Bh4 53.a4 Be7 
54.a5+ Ka7 55.Kc4 f4 56.b5 1/2-1/2

[Event "Volmac it"]
[Site "Antwerp BEL"]
[Date "1993.08.13"]
[Round "7"]
[White "Piket, Jeroen"]
[Black "Hansen, Curt"]
[Result "1-0"]
[WhiteElo "2590"]
[BlackElo "2590"]
[EventDate "1993.08.06"]
[PlyCount "121"]

1.d4 e6 2.c4 Nf6 3.Nf3 b6 4.g3 Ba6 5.b3 Bb7 6.Bg2 Bb4+ 7.Bd2 Be7 8.O-O O-O
9.Nc3 Na6 10.e3 c5 11.Qe2 cxd4 12.exd4 d5 13.Ne5 Nb4 14.Bg5 Rc8 15.Rac1 h6
16.Bxf6 Bxf6 17.Rfd1 Re8 18.Nb5 a6 19.Na7 Ra8 20.a3 Na2 21.Qxa2 Rxa7 22.b4
dxc4 23.Bxb7 Rxb7 24.Qxc4 Qa8 25.Qc6 Rd8 26.Qe4 b5 27.h4 Ra7 28.Qxa8 Raxa8
29.f4 Rac8 30.Nc6 Re8 31.Rc5 Kf8 32.Kf2 Be7 33.Nxe7 Kxe7 34.Rdc1 Rcd8 35.
Rc7+ Rd7 36.R1c6 Ra8 37.Ke3 Kd8 38.Rxd7+ Kxd7 39.Rc5 Kd6 40.g4 g6 41.h5 
Rg8 42.hxg6 fxg6 43.Ke4 Rb8 44.d5 exd5+ 45.Rxd5+ Ke7 46.Ke5 Re8 47.Rd6 
Kf7+ 48.Kd5 Re3 49.Rxa6 Rg3 50.a4 bxa4 51.b5 a3 52.b6 Rb3 53.Kc6 Rc3+ 54.
Kd7 Rd3+ 55.Kc8 Rc3+ 56.Kb8 Rc4 57.b7 Rxf4 58.Ka7 Rb4 59.b8=Q Rxb8 60.Kxb8
h5 61.g5 1-0

[Event "Volmac it"]
[Site "Antwerp BEL"]
[Date "1993.08.14"]
[Round "8"]
[White "Dutreeuw, Marc"]
[Black "Piket, Jeroen"]
[Result "0-1"]
[WhiteElo "2455"]
[BlackElo "2590"]
[EventDate "1993.08.06"]
[PlyCount "72"]

1.e4 e5 2.Nf3 Nc6 3.Bb5 a6 4.Ba4 Nf6 5.O-O Be7 6.Re1 b5 7.Bb3 d6 8.c3 O-O 
9.h3 Na5 10.Bc2 c5 11.d4 Nd7 12.Nbd2 cxd4 13.cxd4 Nc6 14.a3 Nb6 15.d5 Na5 
16.Nf1 Bd7 17.g4 Qc7 18.Ng3 Rfc8 19.Bd3 Na4 20.Nf5 Bd8 21.Nxg7 Kxg7 22.Qd2
f6 23.Qh6+ Kg8 24.g5 Be8 25.gxf6 Bg6 26.Bg5 Qf7 27.Qh4 Nc5 28.Nh2 Nxd3 29.
Ng4 Kh8 30.Nh6 Qf8 31.Re3 Nf4 32.Rf3 Nc4 33.Re1 Rc7 34.Kh2 Nd2 35.Rg3 Nh5 
36.Rge3 Bxf6 0-1

[Event "Volmac it"]
[Site "Antwerp BEL"]
[Date "1993.08.15"]
[Round "9"]
[White "Van der Wiel, John"]
[Black "Winants, Luc"]
[Result "1-0"]
[WhiteElo "2565"]
[BlackElo "2490"]
[EventDate "1993.08.06"]
[PlyCount "113"]

1.e4 e5 2.Nf3 Nc6 3.d4 exd4 4.Nxd4 Bc5 5.Nb3 Bb6 6.a4 a6 7.Nc3 d6 8.Nd5 
Ba7 9.Be3 Bxe3 10.Nxe3 Nf6 11.Bd3 O-O 12.O-O Re8 13.f3 Be6 14.c4 a5 15.Rf2
Qb8 16.Rc1 Qa7 17.Nd5 Bxd5 18.cxd5 Nb4 19.Bb5 Rec8 20.Qd4 Qxd4 21.Nxd4 Kf8
22.g4 h6 23.h4 g6 24.Rc3 Ke7 25.h5 Na2 26.Rc4 Nd7 27.hxg6 fxg6 28.Rh2 Ne5 
29.Rxh6 Nxc4 30.Rh7+ Kf8 31.Ne6+ Kg8 32.Rg7+ Kh8 33.Bxc4 Nb4 34.Rxg6 c6 
35.g5 cxd5 36.Bxd5 Nxd5 37.exd5 Rc2 38.Rf6 Rxb2 39.g6 Rg8 40.f4 Rb4 41.f5 
Rxa4 42.Rf7 Rh4 43.Rxb7 a4 44.Ra7 Rb8 45.Kg2 Rc4 46.Rh7+ Kg8 47.Rg7+ Kh8 
48.Rh7+ Kg8 49.Rg7+ Kh8 50.Rf7 Kg8 51.Kf3 a3 52.Rg7+ Kh8 53.Rh7+ Kg8 54.
Rg7+ Kh8 55.Rh7+ Kg8 56.f6 Rc3+ 57.Kg4 1-0

[Event "Volmac it"]
[Site "Antwerp BEL"]
[Date "1993.08.15"]
[Round "9"]
[White "Piket, Jeroen"]
[Black "Christiansen, Larry"]
[Result "1/2-1/2"]
[WhiteElo "2590"]
[BlackElo "2555"]
[EventDate "1993.08.06"]
[PlyCount "25"]

1.d4 Nf6 2.c4 e6 3.Nc3 Bb4 4.Nf3 c5 5.g3 Nc6 6.Bg2 O-O 7.O-O cxd4 8.Nxd4 
Ne5 9.Qb3 Be7 10.Rd1 Qa5 11.Bf4 Ng6 12.Bd2 Qc7 13.Rac1 1/2-1/2